| 000 | 00833cab a2200217 4500 | ||
|---|---|---|---|
| 001 | X2553 | ||
| 008 | 090401t1995 xxu||||| |||| 00| 0 eng d | ||
| 035 | _a(Sirsi) u24959 | ||
| 041 | _aeng | ||
| 245 | _aBovis Construction (Scotland) Ltd v Whatlings Construction Ltd | ||
| 260 | _c1995 | ||
| 350 | _a0 | ||
| 490 |
_aNew Property Cases _v1995 NPC 153(2) |
||
| 520 | _aHL 12 October 1995. A clause in a building contract limiting damages payable for breach in respect of `time related costs` is construed by the House of Lords. TAKEN FROM JOURNAL ARTICLE. NOTE: NO PHOTOCOPYING ALLOWED. | ||
| 650 | _aBOVIS CONSTRUCTION (SCOTLAND) LTD V WHATLINGS CONSTRUCTION LTD | ||
| 650 | _aDETERMINATION OF CONTRACT | ||
| 650 | _aTIME RELATED COSTS | ||
| 690 | _aBUILDING AND CONSTRUCTION-CASE LAW | ||
| 942 | _n0 | ||
| 948 | _c04/03/1997 | ||
| 999 |
_c16738 _d16738 |
||